Welcome to the Holygrace Academy Library

Please use search bar below to get started

MALGUDI DAYS (Record no. 5121)

MARC details
000 -LEADER
fixed length control field 00577nam a22001457a 4500
020 ## - INTERNATIONAL STANDARD BOOK NUMBER
ISBN 978-81-264-2341-5
082 ## - DEWEY DECIMAL CLASSIFICATION NUMBER
Classification number 823
Item number NAR/M
100 ## - MAIN ENTRY--AUTHOR NAME
Personal name NARAYAN, R.K
245 ## - TITLE STATEMENT
Title MALGUDI DAYS
260 ## - PUBLICATION, DISTRIBUTION, ETC. (IMPRINT)
Place of publication KOTTAYAM
Name of publisher DC BOOKS
Year of publication 2014
300 ## - PHYSICAL DESCRIPTION
Number of Pages 274
520 ## - SUMMARY, ETC.
Summary, etc Based on the writings of R.K. Narayan, Malgudi Days explores the lives of those who reside in the fictional town of Malgudi. Malgudi, a made-up small town in southern India, is populated by timeless people who may reside anywhere in the world, just like any other small town or village.
650 ## - SUBJECT ADDED ENTRY--TOPICAL TERM
Topical Term NOVEL
942 ## - ADDED ENTRY ELEMENTS (KOHA)
Koha item type Books
Holdings
Withdrawn status Lost status Collection code Home library Current library Shelving location Date acquired Source of acquisition Cost, normal purchase price Full call number Accession Number Koha item type
    Fiction Main Library Main Library SHELF-16- J- MALAYALAM NOVELS,FICTIONS 19/09/2014 Purchase 150.00 823 NAR/M 07296 Books